| 000 | 00420nam a22001457a 4500 | ||
|---|---|---|---|
| 003 | OSt | ||
| 008 | 250902b |||||||| |||| 00| 0 eng d | ||
| 041 | _aeng | ||
| 082 |
_a894.812 _bSUR/MA |
||
| 245 |
_aMalayalam desavum swathwavum / _bമലയാളം ദേശവും സ്വത്വവും / |
||
| 260 |
_aKozhikode : _bProgress Books, _c2017. |
||
| 300 | _a129 p. | ||
| 700 |
_aSuresh, P. _97806 |
||
| 942 | _cBK | ||
| 999 |
_c19495 _d19495 |
||